| 000 | 00786nam a2200241 i 4500 | ||
|---|---|---|---|
| 001 | bg | ||
| 245 | 0 | 0 | _aProblemy rozwoju transportu. |
| 260 |
_aWarszawa : _bOficyna Wydawnicza PW, _c2004. |
||
| 300 |
_a156 s. : _bil. ; _c24 cm. |
||
| 490 | 1 |
_aPrace Naukowe. Transport / Politechnika Warszawska, _x1230-9265 ; _vz. 52 |
|
| 500 | _aOpis wg okł., streszcz. ang. przy pracach. | ||
| 504 | _aBibliogr. przy pracach. | ||
| 650 | 9 |
_aSamochody _xzagadnienia |
|
| 650 | 9 |
_aPojazdy szynowe _xzagadnienia |
|
| 650 | 9 |
_aTransport _xzagadnienia |
|
| 710 | 0 | _aPolitechnika Warszawska | |
| 830 | 0 |
_aPrace Naukowe. Transport (Politechnika Warszawska) ; _vz. 52 |
|
| 040 | _cBPK | ||
| 041 | 0 |
_apol _beng |
|
| 080 | _a629:656.1/.5 | ||
| 942 | _cKS | ||
| 008 | s pl f |000 0 pol | ||
| 999 |
_c44162 _d44162 |
||
| 856 |
_uhttp://koha.tu.koszalin.pl/cgi-bin/koha/opac-detail.pl?biblionumber=44162 _yKatalog online BPK |
||